00590nam a22001697a 450000500170000001000220001702000290003903500130006803700130008108200160009410000240011024501140013426000460024827000660029430000250036050000350038520161020105733.0 a ENG-116235  a9780199466061c1395.00  aEN-99767 bDBAD/PUB a303.4840954 aChakraberti, Saumya aInclusive growth and social change :bformal- informal -agrarian relation in India / c by Sammya Chakrabarti aNew Delhi bOxford University Pressc2016 aYMCA Library Building, 1 Jai Singh Road, bNew Delhi e110001 aIxv, 588p.c22cm(Hb) aIncludes references and index